| 000 | 00726nam a2200229 a 4500 | ||
|---|---|---|---|
| 999 |
_c10954 _d10954 |
||
| 001 | 10954 | ||
| 003 | BD-JhCC | ||
| 005 | 20190630112823.0 | ||
| 008 | 190630s20062017bg |||| |||| 000 0 Ben d | ||
| 020 | _a9789847763781 (set) | ||
| 035 | _a(BD-JhCC)10954 | ||
| 040 |
_aBD-JhCC _dBD-JhCC |
||
| 041 | _aben | ||
| 082 |
_a891.4409 _bDAS 2017 |
||
| 100 | _aদাশ, জীবনানন্দ | ||
| 245 |
_aজীবনানন্দ রচনাবলী / _cজীবনানন্দ দাশ |
||
| 260 |
_aঢাকা : _bঐতিহ্য, _c২০১৭ |
||
| 300 |
_aসংখ্যা ১-৬ : _c২১ সেমি |
||
| 600 | _aDas, Jibanananda | ||
| 650 | _aCompilation of Literary work | ||
| 942 |
_2ddc _cBK |
||